Statistics for F1: Inagural Grand Prix Winners

Click here to take the quiz!

General Stats

  • This quiz has been taken 125 times
    (39 since last reset)
  • The average score is 40 of 54

Answer Stats

SeasonGPFirst Winner% Correct
1994PacificMichael Schumacher
94%
2004BahrainMichael Schumacher
94%
2020EifelLewis Hamilton
91%
2020TuscanLewis Hamilton
91%
2021Saudi ArabianLewis Hamilton
91%
2014RussianLewis Hamilton
91%
2021QatarLewis Hamilton
91%
2021São PauloLewis Hamilton
91%
2020StyrianLewis Hamilton
91%
2020Emilia RomagnaLewis Hamilton
91%
202070th AnniversaryMax Verstappen
91%
2023Las VegasMax Verstappen
91%
2021Mexico CityMax Verstappen
91%
2022MiamiMax Verstappen
91%
2011IndianSebastian Vettel
91%
2009Abu DhabiSebastian Vettel
91%
2010KoreanFernando Alonso
88%
2008SingaporeFernando Alonso
88%
1950MonacoJuan Manuel Fangio
88%
1951SpanishJuan Manuel Fangio
88%
1950FrenchJuan Manuel Fangio
88%
1950BelgianJuan Manuel Fangio
88%
1985AustralianKeke Rosberg
82%
1984DallasKeke Rosberg
82%
1952DutchAlberto Ascari
79%
1951GermanAlberto Ascari
79%
1953ArgentineAlberto Ascari
79%
1973BrazilianEmerson Fittipaldi
79%
1950BritishGiuseppe Farina
79%
1950SwissGiuseppe Farina
79%
1950ItalianGiuseppe Farina
79%
2005TurkishKimi Räikkönen
79%
2020SakhirSergio Pérez
79%
1962South AfricanGraham Hill
76%
1983EuropeanNelson Piquet
76%
1981San MarinoNelson Piquet
76%
1986HungarianNelson Piquet
76%
2017AzerbaijanDaniel Ricciardo
70%
1967CanadianJack Brabham
70%
1963MexicanJim Clark
70%
1997LuxembourgJacques Villeneuve
61%
1958MoroccanStirling Moss
61%
1958PortugueseStirling Moss
61%
1957PescaraStirling Moss
61%
1976JapaneseMario Andretti
58%
1981Caesars PalaceAlan Jones
52%
2004ChineseRubens Barrichello
48%
1999MalaysianEddie Irvine
45%
1959United StatesBruce McLaren
42%
1973SwedishDenny Hulme
42%
1982DetroitJohn Watson
42%
1976US WestClay Regazzoni
33%
1950Indy 500Johnnie Parsons
21%
1964AustrianLorenzo Bandini
18%

Score Distribution

Percentile by Number Answered

Percent of People with Each Score

Your Score History

You have not taken this quiz since the last reset